000 00533 a2200169 4500
003 Nust
005 20251015125904.0
040 _cNust
082 _a621.382
100 _aSiddiqui, Maj Ashraf (TE-21)
_9131154
245 _aIntegration of existing army exchanges /
_cMaj Ashraf Siddiqui & Capt Syed Masood Ali , Capt Mian Gauhar Ali , Capt Mansoor Ahmed Tariq, Maj Mohd Khair Hussan
260 _b UET Lahore
_aMCS
_c1989
300 _a115, p.;
650 _aUG Projects
_998716
651 _aTE-21
_9131152
942 _cPR
_2ddc
999 _c182068
_d182068